Toefl : (Record no. 137259)

MARC details
000 -LEADER
fixed length control field 00662nam a22002057a 4500
005 - DATE AND TIME OF LATEST TRANSACTION
control field 20170127115402.0
008 - FIXED-LENGTH DATA ELEMENTS--GENERAL INFORMATION
fixed length control field 170127b xxu||||| |||| 00| 0 eng d
010 ## - LCCN (DPL NO)
LC control number ENG-117191-192
020 ## - INTERNATIONAL STANDARD BOOK NUMBER
Terms of availability 225.00 (each Vol.)
International Standard Book Number 9788193223277 (vol-1)
020 ## - INTERNATIONAL STANDARD BOOK NUMBER
Terms of availability 225.00 (each Vol.)
International Standard Book Number 9788193223277 (vol-2)
035 ## - SYSTEM CONTROL NUMBER
System control number EN-100723-24
037 ## - SOURCE OF ACQUISITION
Source of stock number/acquisition DBAD/PUB
082 ## - DEWEY DECIMAL CLASSIFICATION NUMBER
Classification number 480
100 ## - MAIN ENTRY--PERSONAL NAME
Personal name K.K. Singh
245 ## - TITLE STATEMENT
Title Toefl :
Statement of responsibility, etc by K.K. Singh
Remainder of title vocabulary practice book /
260 ## - PUBLICATION, DISTRIBUTION, ETC. (IMPRINT)
Place of publication, distribution, etc Delhi/NCR
Name of publisher, distributor, etc Maheshwari Prakashan
Date of publication, distribution, etc 2016
270 ## - ADDRESS
Address 911/7C,
City Faridabad
Postal code 121006
300 ## - PHYSICAL DESCRIPTION
Extent 2 -vol (1-122p.;123-270p.)
Dimensions 24cm. (pbk)
942 ## - ADDED ENTRY ELEMENTS (KOHA)
Item type English Books
Source of classification or shelving scheme Dewey Decimal Classification
Classification part 480
Call number suffix SIN
Holdings
Withdrawn status Lost status Source of classification or shelving scheme Materials specified (bound volume or other part) Damaged status Not for loan Collection code Home library Current library Date acquired Source of acquisition Cost, normal purchase price Total Checkouts Full call number Barcode Date last seen Copy number Cost, replacement price Koha item type
    Dewey Decimal Classification vol-1     Non-fiction Central Library Central Library 27/01/2017 DBAD 225.00   480 SIN EN-100723 27/01/2017 1 255.00 English Books
    Dewey Decimal Classification vol-2     Non-fiction Central Library Central Library 27/01/2017 DBAD 255.00   480 SIN EN-100724 27/01/2017 1 255.00 English Books

© Delhi Public Library
Hit Counter
free hit counter